| 000 | 00722cab a2200229 4500 | ||
|---|---|---|---|
| 001 | ABS38273 | ||
| 008 | 090401t1987 xxu||||| |||| 00| 0 eng d | ||
| 035 | _a(Sirsi) u9700 | ||
| 041 | _aeng | ||
| 100 | _aTemple, M. | ||
| 245 | _aEconomics of grassland drainage | ||
| 260 | _c1987 | ||
| 350 | _a0 | ||
| 490 |
_aFarm Management _v6(7) Autumn 1987, 325-334(6) |
||
| 520 | _aAssesses the financial benefits of grassland drainage . Illustrates the results of grassland trials which indicated that drainage was economic on two sites out of five. Tables, graphs, references. | ||
| 650 | _aECONOMICS | ||
| 650 | _aTAX RELIEF | ||
| 690 | _aRURAL PRACTICE | ||
| 700 | _aParker, A. | ||
| 942 | _n0 | ||
| 948 | _c04/03/1997 | ||
| 999 |
_c6092 _d6092 |
||